Súčasné postavenie rodiny

Bibliographic Details
Main Author: Tománek, Pavol, 1982- (Author)
Format: Article
Language:Slovak
ISSN:0139-6919
Subjects:

MARC

LEADER 00000nab a2200000 a 4500
001 vtls010443729
003 SK-MaSNL
005 20260304171304.0
008 250507c2012 xo mr|p|||an |000 b|slo
015 |a SNBRB2012/08 
035 |a (uuid)79877b25-0931-4506-bc27-cc728768955a 
035 |a urn:nbn:sk:snk-abd646 
035 |a (urnnbn)urn:nbn:sk:snk:ar-007szy 
038 |a SPK 
040 |a SNKBUCL  |b slo  |c SNKBUCL  |e AACR2 
041 0 |a slo  |b slo 
044 |a xo  |c SK 
072 7 |a 316  |x Sociológia  |2 konspekt 
080 |a 316.356.2  |2 2001 
100 1 |a Tománek, Pavol,  |d 1982-  |4 aut  |9 151963 
245 1 0 |a Súčasné postavenie rodiny  |c Pavol Tománek 
504 |a Bibliogr. odkazy 
546 |a Res. slov. 
650 0 7 |a rodina  |2 snkbucl  |9 4138 
773 0 |t Vychovávateľ  |g Roč. LX, č. 9-10(2012), s. 33-37  |x 0139-6919 
850 |a Slovenská národná knižnica 
852 |a Slovenská národná knižnica 
954 |a odborná, vedecká literatúra pôvodná (slovenská)  |2 lita 
958 |a article17 
958 |a NB  |2 spk 
958 |a OND 
958 |a EUIPO 
999 |c 2992575  |d 2994505